| 000 | 00651nam a22002057a 4500 | ||
|---|---|---|---|
| 999 |
_c186286 _d186286 |
||
| 005 | 20220221165224.0 | ||
| 010 | _aENG-131719 | ||
| 020 |
_a9788194368571 _c370.00 |
||
| 035 | _aEN-115251 | ||
| 037 | _bDBAD | ||
| 082 | _a620.1 | ||
| 100 | _aSreekanth, D.V. | ||
| 245 |
_aEngineering Mechanics/ _cD.V. Sreekanth, T. Paramesh and B. Ashok Kumar |
||
| 260 |
_aHyderabad _bAmaravati Publications _c2021 |
||
| 270 |
_a# 326/C, Level-2, Surneni Nilayam Near B K Guda Park, S R Nagar _bHyderabad _e500038 |
||
| 300 |
_aviii, 424p. _c24cm(pbk) |
||
| 700 | _aParamesh, T. | ||
| 700 | _aKumar, B. Ashok | ||
| 942 |
_2ddc _cEN _h620.1 _mSRE |
||